The Lottery rose / (Record no. 1043)

MARC details
000 -LEADER
fixed length control field 00759cam a2200241Ia 4500
003 - CONTROL NUMBER IDENTIFIER
control field data
005 - DATE AND TIME OF LATEST TRANSACTION
control field 20260322212044.0
008 - FIXED-LENGTH DATA ELEMENTS--GENERAL INFORMATION
fixed length control field data
020 ## - INTERNATIONAL STANDARD BOOK NUMBER
International Standard Book Number 0425101533
Terms of availability (pbk.)
020 ## - INTERNATIONAL STANDARD BOOK NUMBER
International Standard Book Number 9780425101537
Terms of availability (pbk.)
040 ## - CATALOGING SOURCE
Original cataloging agency HDL
Transcribing agency HDL
Modifying agency OUN
-- XBM
-- OUN
099 ## - LOCAL FREE-TEXT CALL NUMBER (OCLC)
Classification number HUNTI
001 - CONTROL NUMBER
control field data
100 1# - MAIN ENTRY--PERSONAL NAME
Personal name Hunt, Irene
245 14 - TITLE STATEMENT
Title The Lottery rose /
Statement of responsibility, etc. Irene Hunt.
250 ## - EDITION STATEMENT
Edition statement Berkley/Pacer ed
260 ## - PUBLICATION, DISTRIBUTION, ETC.
Place of publication, distribution, etc. New York :
Name of publisher, distributor, etc. Berkley Books,
Date of publication, distribution, etc. 1986, c1976
300 ## - PHYSICAL DESCRIPTION
Extent 185 p. ;
Dimensions 18 cm
490 0# - SERIES STATEMENT
Series statement Pacer book for young adults
500 ## - GENERAL NOTE
General note Reprint. Originally published: New York : Scribner's, 1976
520 ## - SUMMARY, ETC.
Summary, etc. A young victim of child abuse gradually overcomes his fears and suspicions when placed in a home with other boys
650 #0 - SUBJECT ADDED ENTRY--TOPICAL TERM
Topical term or geographic name entry element Child abuse
General subdivision Juvenile fiction
Holdings
Withdrawn status Lost status Damaged status Not for loan Home library Current library Shelving location Date acquired Total checkouts Full call number Barcode Date last seen Price effective from Koha item type
        Fairfield Fairfield General stacks 22/03/2026   GEN BC0011077 22/03/2026 22/03/2026 Books